Biodiesel production from rubber seed oil using calcined eggshells impregnated with Al2O3 as heterogeneous catalyst: A comparative study of RSM and ANN optimization (Record no. 54761)

MARC details
000 -LEADER
fixed length control field 00736nam a2200205Ia 4500
100 ## - MAIN ENTRY--AUTHOR NAME
Personal name Aryasomayajula Venkata Satya Lakshmi S.B
245 #0 - TITLE STATEMENT
Title Biodiesel production from rubber seed oil using calcined eggshells impregnated with Al2O3 as heterogeneous catalyst: A comparative study of RSM and ANN optimization
260 ## - PUBLICATION, DISTRIBUTION, ETC. (IMPRINT)
Name of publisher Brazilian Journal of Chemical Engineering
Year of publication 2020
300 ## - PHYSICAL DESCRIPTION
Number of Pages 351-368
500 ## - GENERAL NOTE
General note Source Year: 2020
650 ## - SUBJECT ADDED ENTRY--TOPICAL TERM
Topical Term Biodiesel production
650 ## - SUBJECT ADDED ENTRY--TOPICAL TERM
Topical Term Eggshells
650 ## - SUBJECT ADDED ENTRY--TOPICAL TERM
Topical Term Rubber seed oil
700 ## - ADDED ENTRY--PERSONAL NAME
Personal name Anantharamanan N
700 ## - ADDED ENTRY--PERSONAL NAME
Personal name Khadhar Mohamed M.S.B
700 ## - ADDED ENTRY--PERSONAL NAME
Personal name Subramania Pillai N
856 ## - ELECTRONIC LOCATION AND ACCESS
Uniform Resource Identifier doi.10.1007/s43153-020-00027-9
942 ## - ADDED ENTRY ELEMENTS (KOHA)
Koha item type Journals
Holdings
Withdrawn status Lost status Damaged status Not for loan Home library Current library Shelving location Date acquired Serial Enumeration / chronology Koha item type
      Journals RRII Library RRII Library Rubber seed 17/12/2021 Volume 37, Issue Journals